| 000 | 00505nam a2200181Ia 4500 | ||
|---|---|---|---|
| 999 |
_c24564 _d52562 |
||
| 005 | 20200113112525.0 | ||
| 020 | _a978-0444545930 | ||
| 040 | _aBC-ENSA | ||
| 041 | _aang | ||
| 100 | _aHUANG, Pan Ming / GOBRAN, G.R. | ||
| 245 |
_aBiogeochemistry of trace elements in the rhizosphere _ced. P.M. Huang, G.R. Gobran |
||
| 260 |
_c2010 _bElsevier Science |
||
| 300 |
_a484 p. _bill. |
||
| 347 |
_a1 _bPDF |
||
| 942 | _c03 | ||
| 500 | _aDocument en format PDF sur CD-ROM | ||
| 650 | _aOLIGOELEMENT RHIZOSPHERE | ||